000 00528nam a2200193Ia 4500
005 20250326140551.0
008 250326s9999 xx 000 0 und d
020 _a0-471-24739-1
037 _aTextbook
040 _aFMSL
_beng
_cFMSL
041 _aeng
_2eng
084 _aXwNo9 N4
_qFMSL
100 _aDrucker Peter F
245 0 _aAdventures of a bystander
_cDrucker Peter F
260 _aNew York
_bNew York, John Wiley
_c1994
300 _aviii,344
942 _cTB
_hXwNo9 N4
999 _c1286345
_d1286345